Investigación y estrategias turísticas.

שמור ב:
מידע ביבליוגרפי
מחבר ראשי: Ortega Martínez, Enrique (autor)
פורמט: ספר
שפה:ספרדית
יצא לאור: Madrid, España: Thomson, 2003.
נושאים:
תגים: הוספת תג
אין תגיות, היה/י הראשונ/ה לתייג את הרשומה!

MARC

LEADER 00000nam a2200000 a 4500
001 UCG0842
003 CL-VaPUC
005 20250310094954.0
008 100408e20030000SP |||||||||||||||||spa|d
999 |c 340360  |d 340358 
020 |a 84-9732-246- 
020 |a 978-8497322461 
040 |c Pontificia Universidad Católica de Valparaíso 
082 0 4 |a 338.4791 ORT 2003  |2 21 
100 |a Ortega Martínez, Enrique  |e autor  |9 548463 
245 1 0 |a Investigación y estrategias turísticas. 
260 |a Madrid, España:  |b Thomson,  |c 2003. 
300 |a 275 páginas. 
583 |a last modification  |c 20131230 05:26:04  |k Rodrigo Vera 
650 0 |a Turismo  |9 308920 
650 0 |a Industria turística  |9 347913 
650 7 |a Estrategias turísticas  |2 CL-VaPUC  |9 548464 
650 0 |a Investigación de mercado  |9 332310 
650 7 |a Sociología del turismo  |2 CL-VaPUC  |9 548465 
650 7 |a Servicios turísticos  |2 CL-VaPUC  |9 548466 
942 |c BK  |2 ddc 
945 |d 20100408 00:00:00  |a dcastane 
952 |0 0  |1 0  |4 0  |6 338_479100000000000_ORT_2003  |7 0  |8 A  |9 435006  |a BIBING  |b BIBING  |d 2019-11-22  |i 4658418  |o 338.4791 ORT 2003  |p 4658418  |r 2025-01-20  |w 2019-11-22  |y BK  |k GEO